000 00641nam a2200181Ia 4500
005 20250508160020.0
008 008 250505s9999 xx 000 0 eng d
037 _aBooks to be hide in OPAC
040 _aFEDL
_beng
_cFEDL
041 _aeng
_2eng
084 _a372.429, GRE/O
_qFEDL
245 0 _aPublic elementary schools in "single-school parishes," as defined in section 3 (6) of the elementary education (England and Wales) Bill, 1908
245 0 _cBoard of Education
260 _aLondon, UK
_bHis Majesty's Stationery Office
_c1908
300 _a127p.
942 _cHB
_h372.429, GRE/O
999 _c1361033
_d1361033